| 000 | 00375nam a2200145Ia 4500 | ||
|---|---|---|---|
| 001 | 632 | ||
| 008 | 241024s9999 xx 000 0 und d | ||
| 020 | _a99934-73-21-9 | ||
| 082 | _aRD/920.72/M385d | ||
| 100 | _aZolia Martínez de Medina | ||
| 245 | 0 | _aDominicanas de Espíritu Indomable | |
| 260 |
_bEd. de Colores _c2004 |
||
| 901 | _a23/11/2010 9:55:47 a.m. | ||
| 999 |
_c7675 _d7675 |
||